10 Words, 20 Definitions XV Quiz Stats

 Plays Quiz Updated Aug 13, 2019

Score 0/20 Timer 02:00
3 Plays Today
% Correct
Chest
90.6%
Siren
90.4%
Clear
89.9%
Master
89.5%
Settlement
88.9%
Run
88.8%
Chest
88.6%
March
88.5%
Lean
88.4%
Settlement
88.1%
% Correct
Run
87.2%
Farce
85.8%
Siren
85%
Master
84.4%
Farce
84.1%
Belt
83.2%
Clear
82.4%
March
80.9%
Belt
80.4%
Lean
70.7%

You're not logged in!

Compare scores with friends on all Sporcle quizzes.
OR
Log In

Sporcle TV

Today on Sporcle TV


Watch our educational content, quiz creation guides, and fun videos on Sporcle TV.

Show Comments

Extras

Top Quizzes Today


Score Distribution

Your Account Isn't Verified!

In order to create a playlist on Sporcle, you need to verify the email address you used during registration. Go to your Sporcle Settings to finish the process.

Report this User

Report this user for behavior that violates our Community Guidelines.

Details: